Missing Word: 'G' Music Artists Quiz Stats

 Plays Quiz Updated Apr 11, 2016

Challenge
Share
Tweet
Embed
Score 0/20 Timer 03:00
0 Plays Today
Hint Answer % Correct
Marvin GayeGet
96.4%
Marvin GayeGrapevine
96.2%
Marvin GayeHow
94.9%
Green DayBroken
89.2%
Marvin GayeSexual
87.5%
Peter GabrielYour
84.5%
Marvin GayeWhat's
82.3%
Green DayBasket
61.3%
Green DayAround
54.8%
Peter GabrielMonkey
47.9%
Hint Answer % Correct
Grateful DeadGrey
43.8%
Peter GabrielHill
42.5%
Green DayGuns
39.9%
Grateful DeadUncle
37.1%
Peter GabrielWithout
37.1%
Grateful DeadCasey
30.5%
Green DaySuburbia
25.7%
Grateful DeadMagnolia
23.8%
Peter GabrielBig
21.6%
Grateful DeadProphet
7.5%

Today's Daily Dose

You're not logged in!

Compare scores with friends on all Sporcle quizzes.
Join for Free
OR
Log In

You Might Also Like...

Show Comments

Extras

Top Quizzes Today


Score Distribution

Your Account Isn't Verified!

In order to create a playlist on Sporcle, you need to verify the email address you used during registration. Go to your Sporcle Settings to finish the process.

Report this User

Report this user for behavior that violates our Community Guidelines.

Details: